Sudan Republic, (Record no. 24356)
[ view plain ]
| 000 -LEADER | |
|---|---|
| fixed length control field | 00898cam a22002531 4500 |
| 001 - CONTROL NUMBER | |
| control field | 1224613 |
| 005 - DATE AND TIME OF LATEST TRANSACTION | |
| control field | 19890210000000.0 |
| 008 - FIXED-LENGTH DATA ELEMENTS--GENERAL INFORMATION | |
| fixed length control field | 711108t19661965nyub b 000 0 eng |
| 010 ## - LIBRARY OF CONGRESS CONTROL NUMBER | |
| LC control number | 65027084 |
| 040 ## - CATALOGING SOURCE | |
| Original cataloging agency | DLC |
| Transcribing agency | DLC |
| Modifying agency | DLC |
| 043 ## - GEOGRAPHIC AREA CODE | |
| Geographic area code | f-sj--- |
| 050 00 - LIBRARY OF CONGRESS CALL NUMBER | |
| Classification number | DT108 |
| Item number | .H46 1965 |
| 100 1# - MAIN ENTRY--PERSONAL NAME | |
| Personal name | Henderson, K. D. D. |
| Fuller form of name | (Kenneth David Druitt), |
| Dates associated with a name | 1903- |
| 651 #0 - SUBJECT ADDED ENTRY--GEOGRAPHIC NAME | |
| Geographic name | Sudan |
| 245 10 - TITLE STATEMENT | |
| Title | Sudan Republic, |
| Statement of responsibility, etc | by K. D. D. Henderson. |
| 260 ## - PUBLICATION, DISTRIBUTION, ETC. (IMPRINT) | |
| Place of publication, distribution, etc | New York, |
| Name of publisher, distributor, etc | F. A. Praeger |
| Date of publication, distribution, etc | [1966, c1965] |
| 300 ## - PHYSICAL DESCRIPTION | |
| Extent | 256 p. ; |
| Other physical details | maps (part fold.) |
| Dimensions | 23 cm. |
| 440 #0 - SERIES STATEMENT/ADDED ENTRY--TITLE | |
| Title | Nations of the modern world |
| 500 ## - GENERAL NOTE | |
| General note | Includes index |
| 504 ## - BIBLIOGRAPHY, ETC. NOTE | |
| Bibliography, etc | Bibliography: p. 229-233. |
| 651 #0 - SUBJECT ADDED ENTRY--GEOGRAPHIC NAME | |
| General subdivision | History |
| Chronological subdivision | 1820- |
| 906 ## - LOCAL DATA ELEMENT F, LDF (RLIN) | |
| a | 7 |
| b | cbc |
| c | orignew |
| d | u |
| e | ocip |
| f | 19 |
| g | y-gencatlg |
| 942 ## - ADDED ENTRY ELEMENTS (KOHA) | |
| Source of classification or shelving scheme | Library of Congress Classification |
| Item type | Book |
| Withdrawn status | Lost status | Source of classification or shelving scheme | Damaged status | Not for loan | Collection code | Home library | Current library | Shelving location | Date acquired | Source of acquisition | Total Checkouts | Full call number | Barcode | Copy number | Price effective from | Koha item type |
|---|---|---|---|---|---|---|---|---|---|---|---|---|---|---|---|---|
| Library of Congress Classification | Non-fiction | Bishop Okullu Memorial Library (Limuru Campus) | Bishop Okullu Memorial Library (Limuru Campus) | General Circulation | 10/12/2009 | Purchase | DT108 .H46 1965 | 014198 | 1 | 10/12/2009 | Book |